00756nam a2200241 a 4500001001300000003000900013005001700022008004100039020001000080082001300090100002900103245005700132260003900189300000900228500003500237505005700272650001300329700002900342902000800371942000700379952011300386999001500499nice12345678IN_TiNIC20260116012000.0050524s1974 usaa grp 000 0 eng  ac10000a230bBRA aBranham, William Marrion aConvinced, Birth Pains, Future Home, the Spoken Word aUsabSpoken Word Publicationc1974 a153p aincludes index and biblioraphy2 aa visit to the holy land with an open bible in hand. aTheology1 aBranham, William Marrion bSRS cBK 001040708StackRoom-aHMIbHMId2007-08-01g100.00l0o230 BRAp07711r2007-08-01v100.00w2005-05-24yBK c5158d5158